Qué es el año litúrgico: liturgia básica 1
Salvato in:
| Ente Autore: | |
|---|---|
| Natura: | Libro |
| Lingua: | spagnolo |
| Pubblicazione: |
Barcelona
Centre de Pastoral Litúrgica
2017
|
| Edizione: | 1a. ed |
| Serie: | Dossiers CPL, 143
|
| Soggetti: | |
| Tags: |
Aggiungi Tag
Nessun Tag, puoi essere il primo ad aggiungerne!!
|
MARC
| LEADER | 00000cam a2200000 a 4500 | ||
|---|---|---|---|
| 001 | UCC3300 | ||
| 003 | CL-VaPUC | ||
| 008 | 180427e20170000sp |||||||||||||||||spa|d | ||
| 020 | |a 9788491650478 | ||
| 082 | 0 | 4 | |a 264 |b CEN |2 21 |
| 110 | 2 | |a Centre de Pastoral Litúrgica |e author |9 597304 | |
| 245 | 1 | 0 | |a Qué es el año litúrgico: liturgia básica 1 |
| 250 | |a 1a. ed | ||
| 300 | |a 238 p | ||
| 942 | |c BK | ||
| 945 | |d 20180427 13:12:00 |a dcastane | ||
| 260 | |a Barcelona |b Centre de Pastoral Litúrgica |c 2017 | ||
| 650 | 0 | |a Liturgia católica |9 516111 | |
| 650 | 7 | |a CALENDARIO LITURGICO |2 CL-VaPUC |9 514781 | |
| 583 | |a last modification |c 20180427 13:12:00 |k Rodrigo Vera | ||
| 490 | 0 | |a Dossiers CPL, 143 | |
| 999 | |c 371061 |d 371059 | ||
| 952 | |0 0 |1 0 |3 erb |4 0 |6 264_000000000000000_CEN_2017 |7 0 |8 A |9 487937 |a BIBTEO |b BIBTEO |i 5468248 |o 264 CEN 2017 |p 5468248 |r 2025-01-17 |w 2019-11-24 |y BK |z Catalogado en:20180427 |k ICR | ||
| 952 | |0 0 |1 0 |3 erb |4 0 |6 264_000000000000000_CEN_2017 |7 0 |8 A |9 487938 |a BIBTEO |b BIBTEO |i 5482739 |o 264 CEN 2017 |p 5482739 |r 2025-01-17 |w 2019-11-24 |y BK |z Catalogado en:20180720 |k ICR | ||